000 00504nam a2200181Ia 4500
999 _c34510
_d34510
003 OSt
005 20200825112839.0
008 190216s9999||||xx |||||||||||||| ||und||
040 _coclc
082 _a530.4
_bLAL/P
100 _aLal, Brij
_94328
245 0 _aProperties Of Matter /
_cBrij Lal ; N Subrahmanyam
250 _a5th Ed.
260 _bEurasia Publishing,
_c1989.
_aNew Delhi:
300 _a466p
650 _aPhysics
942 _cBK
_2ddc
_h530.4
_iLAL/P
_k530.4
_mLAL/P